Short stories in the name of truth

Guardado en:
Bibliografiske detaljer
Hovedforfatter: Mayer Baker, Edward
Format: Bog
Sprog:Undetermined
Udgivet: Boston, Estados Unidos The Christopher Publishing House 1959
Udgivelse:2
Fag:
Tags: Tilføj Tag
Ingen Tags, Vær først til at tagge denne postø!

MARC

LEADER 00000nam a2200000Ia 4500
008 170316s9999 xx 000 0 und d
040 |a cru BVZT 
090 |a 810 M-19s 
100 |a Mayer Baker, Edward 
245 |a Short stories in the name of truth 
250 |a 2 
260 |a Boston, Estados Unidos 
260 |b The Christopher Publishing House 
260 |c 1959 
300 |a 91 páginas 
650 |a LITERATURA ESTADOUNIDENSE 
999 |c 5893  |d 5893 
942 |c 15 D  |h 810 M-19s  |2 z